[Event "Titled Tuesday intern op 02nd Apr Late"]
[Site "Chess.com INT"]
[Date "2024.04.02"]
[Round "4"]
[White "Valiyev, Shahin"]
[Black "Han, Yichen"]
[Result "0-1"]
[WhiteElo "2244"]
[BlackElo "2414"]
[PlyCount "68"]
[EventDate "2024.04.02"]
[EventType "swiss (blitz)"]
[EventRounds "11"]
[EventCountry "USA"]
[SourceTitle "CB15_2024"]
[SourceDate "2024.04.10"]
[SourceVersion "1"]
[SourceVersionDate "2024.04.10"]
[SourceQuality "1"]

1. e4 c5 2. Nf3 a6 3. c4 e6 4. Nc3 Nc6 5. g3 Nf6 6. Bg2 d6 7. 0-0 Qb6 8. b3 Be7 9. Bb2 0-0 10. d4 Nxd4 11. Nxd4 cxd4 12. Na4 Qc7 13. Qxd4 b5 14. cxb5 axb5 15. Rfc1 Qa5 16. Nb6 e5 17. Qe3 Ng4 18. Nxc8 Nxe3 19. Nxe7+ Kh8 20. fxe3 Qd2 21. Bc3 Qxe3+ 22. Kh1 Rxa2 23. Nd5 Qe2 24. Rxa2 Qxa2 25. Bb4 Rd8 26. h4 Qxb3 27. Kh2 h6 28. Rc7 Kg8 29. Ne7+ Kh7 30. Nd5 Ra8 31. Rxf7 Ra2 32. h5 Kg8 33. Rf1 Qc2 34. Rg1 Qxe4 0-1

[Event "British Rapidplay"]
[Site "Peterborough"]
[Date "2024.03.03"]
[Round "11"]
[White "Han, Yichen"]
[Black "Gormally, Daniel"]
[Result "1/2-1/2"]
[WhiteElo "2414"]
[BlackElo "2415"]
[PlyCount "66"]
[EventDate "2024.03.02"]
[EventType "swiss (rapid)"]
[EventRounds "11"]
[EventCountry "ENG"]
[SourceTitle "CB10_2024"]
[SourceDate "2024.03.06"]
[SourceVersion "1"]
[SourceVersionDate "2024.03.06"]
[SourceQuality "1"]

1. d4 Nf6 2. c4 g6 3. Nc3 d5 4. cxd5 Nxd5 5. Bd2 Bg7 6. e4 Nb6 7. Be3 0-0 8. Be2 f5 9. exf5 Bxf5 10. Nf3 Nc6 11. 0-0 Kh8 12. h3 Qd6 13. Qb3 Be6 14. Qc2 Bd5 15. Ne4 Nb4 16. Qb1 Qc6 17. Ned2 Qc2 18. a3 Qxb1 19. Raxb1 Nc6 20. Rbc1 Rad8 21. Rfe1 Rd7 22. Bb5 a6 23. Bd3 Bxf3 24. Nxf3 e5 25. Bxa6 exd4 26. Bd2 bxa6 27. Rxc6 d3 28. Ne5 Rd5 29. f4 Nd7 30. Rxc7 Nxe5 31. fxe5 Rxe5 32. Rxe5 Bxe5 33. Rd7 Bxb2 1/2-1/2

[Event "British Rapidplay"]
[Site "Peterborough"]
[Date "2024.03.03"]
[Round "8"]
[White "Sivanandan, Bodhana"]
[Black "Han, Yichen"]
[Result "0-1"]
[WhiteElo "2088"]
[BlackElo "2414"]
[PlyCount "186"]
[EventDate "2024.03.02"]
[EventType "swiss (rapid)"]
[EventRounds "11"]
[EventCountry "ENG"]
[SourceTitle "CB10_2024"]
[SourceDate "2024.03.06"]
[SourceVersion "1"]
[SourceVersionDate "2024.03.06"]
[SourceQuality "1"]

1. e4 c5 2. Nc3 a6 3. g3 b5 4. Bg2 Bb7 5. Nge2 e6 6. 0-0 Nc6 7. Re1 Qb6 8. d3 Nd4 9. Nxd4 cxd4 10. Ne2 Bc5 11. a3 a5 12. Bd2 a4 13. Nf4 Ne7 14. Qe2 0-0 15. Nh5 e5 16. g4 Ng6 17. Ng3 Nh4 18. Bh1 Be7 19. f4 Rac8 20. Rac1 exf4 21. Bxf4 Ng6 22. Bd2 Bh4 23. Qf2 Qc7 24. Bb4 Rfe8 25. Rf1 f6 26. Bg2 Bxg3 27. Qxg3 Qxg3 28. hxg3 Ne5 29. Bh3 Rc6 30. Rfd1 Nf3+ 31. Kf2 Ng5 32. Bg2 Rce6 33. Re1 Nf7 34. Bc5 Ne5 35. Bxd4 Nxg4+ 36. Kf1 Rd6 37. Bc5 Rc6 38. Bg1 Rf8 39. Bh3 Ne5 40. Be3 Rfc8 41. d4 Nf3 42. Re2 R6c7 43. Bg2 Nh2+ 44. Ke1 Rc4 45. c3 Ng4 46. Bf4 g5 47. Bd2 Re8 48. Kf1 d6 49. Rce1 Rc7 50. Bh3 Nh6 51. d5 Bc8 52. Bxc8 Rcxc8 53. Kg2 Rc4 54. Kf3 Nf7 55. Kg2 Kg7 56. Bc1 h5 57. Bd2 Kg6 58. Bc1 Ne5 59. Rd1 Nd7 60. Rd4 Nc5 61. Kf3 g4+ 62. Kg2 Rxd4 63. cxd4 Rxe4 64. Rxe4 Nxe4 65. Bf4 Kf7 66. Kf1 Ke7 67. Ke2 f5 68. Kd3 Nf6 69. Bg5 Kf7 70. Bf4 Ke7 71. Bg5 Kf7 72. Bf4 Nxd5 73. Bxd6 Kf6 74. Ke2 Kg5 75. Kf2 h4 76. gxh4+ Kxh4 77. Bg3+ Kh3 78. Be5 f4 79. Ke2 Kg2 80. Kd3 f3 81. Ke4 f2 82. Kxd5 f1Q 83. Ke6 Kf3 84. d5 Qc4 85. Bc3 Ke4 86. Kd6 Qxd5+ 87. Kc7 Qe6 88. Kb7 Kd5 89. Bb4 Qc6+ 90. Ka7 Ke6 91. Bc3 Kd7 92. Bb4 Kc8 93. Bc3 Qb7# 0-1

[Event "Titled Tuesday intern op 13th Feb Early"]
[Site "Chess.com INT"]
[Date "2024.02.13"]
[Round "2"]
[White "Cervantes Landeiro, Thalia"]
[Black "Han, Yichen"]
[Result "1-0"]
[WhiteElo "2204"]
[BlackElo "2414"]
[PlyCount "105"]
[EventDate "2024.02.13"]
[EventType "swiss (blitz)"]
[EventRounds "11"]
[EventCountry "USA"]
[SourceTitle "CB08_2024"]
[SourceDate "2024.02.21"]
[SourceVersion "1"]
[SourceVersionDate "2024.02.21"]
[SourceQuality "1"]

1. d4 Nf6 2. c4 e6 3. Nf3 a6 4. Nc3 d5 5. cxd5 exd5 6. Bg5 Be6 7. e3 Nbd7 8. Bd3 h6 9. Bh4 g5 10. Bg3 Nh5 11. Qc2 c6 12. 0-0-0 Qa5 13. e4 dxe4 14. Bxe4 Nxg3 15. hxg3 Nf6 16. d5 cxd5 17. Bf5 Bg7 18. Bxe6 fxe6 19. Qg6+ Kf8 20. Ne5 Qc7 21. f4 Ne4 22. Qxe6 Bxe5 23. fxe5 Kg7 24. Rxd5 Rad8 25. Rxd8 Qxd8 26. Nxe4 Qd3 27. Qf6+ Kg8 28. Qe6+ Kg7 29. Rd1 Qe3+ 30. Rd2 Rf8 31. Nf6 Qc5+ 32. Kd1 Qg1+ 33. Kc2 Qc5+ 34. Kd3 Rd8+ 35. Ke2 Rxd2+ 36. Kxd2 Qf2+ 37. Kc3 Qc5+ 38. Kd3 Qb5+ 39. Ke3 Qc5+ 40. Ke2 Qc2+ 41. Kf3 Qd1+ 42. Ke4 Qe2+ 43. Kd5 Qd3+ 44. Kc5 Qc2+ 45. Kd6 Qd3+ 46. Nd5 Qxg3 47. Qf6+ Kh7 48. Qf7+ Kh8 49. Qf8+ Kh7 50. Nf6+ Kg6 51. Qe8+ Kf5 52. Qe6+ Kg6 53. Ne4+ 1-0

[Event "Titled Tuesday intern op 13th Feb Late"]
[Site "Chess.com INT"]
[Date "2024.02.13"]
[Round "5"]
[White "Cruz, William Ferreira Da"]
[Black "Han, Yichen"]
[Result "0-1"]
[WhiteElo "2216"]
[BlackElo "2414"]
[PlyCount "92"]
[EventDate "2024.02.13"]
[EventType "swiss (blitz)"]
[EventRounds "11"]
[EventCountry "USA"]
[SourceTitle "CB08_2024"]
[SourceDate "2024.02.21"]
[SourceVersion "1"]
[SourceVersionDate "2024.02.21"]
[SourceQuality "1"]

1. d4 Nf6 2. c4 e6 3. Nc3 Bb4 4. Nf3 d5 5. cxd5 exd5 6. Bg5 0-0 7. e3 h6 8. Bh4 Bg4 9. Be2 Nbd7 10. 0-0 c6 11. h3 Bh5 12. Ne5 Bxe2 13. Qxe2 Qc7 14. Nxd7 Nxd7 15. Bg3 Bd6 16. Bxd6 Qxd6 17. a3 a5 18. Qc2 Rfe8 19. Rab1 g6 20. b4 axb4 21. axb4 b5 22. Rfd1 Nb6 23. e4 dxe4 24. Nxe4 Qf4 25. Re1 Nc4 26. Rbd1 Rad8 27. g3 Qf3 28. Qe2 Qxe2 29. Rxe2 Kg7 30. Nc3 Rxe2 31. Nxe2 Nb6 32. Nc3 Ra8 33. d5 Ra3 34. Ne4 Nxd5 35. Nd6 Nxb4 36. Rb1 Nd5 37. Nxb5 cxb5 38. Rxb5 Nc3 39. Rb2 Ra2 40. Rb3 Ne4 41. Rf3 Ng5 42. Re3 Nxh3+ 43. Kg2 Ng5 44. Re5 Ne6 45. g4 Nf4+ 46. Kg3 Rxf2 0-1

[Event "Titled Tuesday intern op 13th Feb Early"]
[Site "Chess.com INT"]
[Date "2024.02.13"]
[Round "4"]
[White "Domin, Yan"]
[Black "Han, Yichen"]
[Result "1-0"]
[WhiteElo "2209"]
[BlackElo "2414"]
[PlyCount "87"]
[EventDate "2024.02.13"]
[EventType "swiss (blitz)"]
[EventRounds "11"]
[EventCountry "USA"]
[SourceTitle "CB08_2024"]
[SourceDate "2024.02.21"]
[SourceVersion "1"]
[SourceVersionDate "2024.02.21"]
[SourceQuality "1"]

1. e4 e5 2. Nf3 Nc6 3. Bb5 a6 4. Ba4 b5 5. Bb3 Na5 6. 0-0 d6 7. d4 exd4 8. Nxd4 Nf6 9. Bd2 c5 10. Bd5 Nxd5 11. exd5 cxd4 12. Qe1+ Qe7 13. Bxa5 Qxe1 14. Rxe1+ Kd7 15. Bb6 Bb7 16. Bxd4 Bxd5 17. Nc3 Bb7 18. Ne2 Be7 19. Nf4 Rhc8 20. c3 g6 21. Nd3 Bf8 22. a4 Re8 23. Rxe8 Kxe8 24. f3 Kd7 25. Kf2 Bc6 26. Nb4 Bb7 27. axb5 axb5 28. Re1 Re8 29. Rxe8 Kxe8 30. g4 Bh6 31. h4 Kd7 32. Nc2 Bc1 33. b4 Ke6 34. Be3 Bb2 35. Nd4+ Kd5 36. Nxb5 Bc6 37. Nc7+ Kc4 38. Bd4 Bxc3 39. Bxc3 Kxc3 40. b5 Bb7 41. Ne8 Kb4 42. Nxd6 Bd5 43. b6 Kc5 44. b7 1-0

[Event "Titled Tuesday intern op 13th Feb Early"]
[Site "Chess.com INT"]
[Date "2024.02.13"]
[Round "7"]
[White "Han, Yichen"]
[Black "Hajiyev, Kanan"]
[Result "1-0"]
[WhiteElo "2414"]
[BlackElo "2081"]
[PlyCount "85"]
[EventDate "2024.02.13"]
[EventType "swiss (blitz)"]
[EventRounds "11"]
[EventCountry "USA"]
[SourceTitle "CB08_2024"]
[SourceDate "2024.02.21"]
[SourceVersion "1"]
[SourceVersionDate "2024.02.21"]
[SourceQuality "1"]

1. d4 d5 2. c4 c6 3. cxd5 cxd5 4. Nc3 Nf6 5. Bf4 a6 6. e3 Nc6 7. Be2 Bf5 8. Nf3 e6 9. 0-0 Bd6 10. Bg5 0-0 11. Rc1 Rc8 12. Na4 h6 13. Bh4 Qd7 14. Nb6 Qe7 15. Nxc8 Rxc8 16. Qa4 Qf8 17. Bg3 Be7 18. Ne5 Nxe5 19. Bxe5 Ne4 20. Qd7 Ra8 21. Qxb7 a5 22. Bb5 a4 23. Bc6 Rd8 24. Bc7 Rc8 25. Bd7 Ra8 26. Bb6 Nd2 27. Bc8 Nxf1 28. Qxa8 a3 29. bxa3 Nd2 30. Bb7 Qxa8 31. Bxa8 Nc4 32. Bc5 Bd8 33. Bc6 Ba5 34. Bb5 Bd2 35. Rxc4 dxc4 36. Bxc4 Bc2 37. Bb4 Bc1 38. Bb5 Bb2 39. a4 e5 40. d5 e4 41. a5 Be5 42. a6 Bb8 43. d6 1-0

[Event "Titled Tuesday intern op 13th Feb Early"]
[Site "Chess.com INT"]
[Date "2024.02.13"]
[Round "3"]
[White "Han, Yichen"]
[Black "Omariev, Maksim"]
[Result "1-0"]
[WhiteElo "2414"]
[BlackElo "2304"]
[PlyCount "87"]
[EventDate "2024.02.13"]
[EventType "swiss (blitz)"]
[EventRounds "11"]
[EventCountry "USA"]
[SourceTitle "CB08_2024"]
[SourceDate "2024.02.21"]
[SourceVersion "1"]
[SourceVersionDate "2024.02.21"]
[SourceQuality "1"]

1. d4 d5 2. c4 e6 3. Nf3 Nf6 4. Nc3 Be7 5. Bf4 0-0 6. e3 b6 7. Be2 Bb7 8. 0-0 c5 9. cxd5 Nxd5 10. Nxd5 Qxd5 11. a3 Nd7 12. dxc5 Nxc5 13. b4 Ne4 14. Rc1 a5 15. Rc7 Bf6 16. Bc4 Qxd1 17. Rxd1 Nc3 18. Rc1 Bd5 19. Bf1 Rfc8 20. Nd4 Rxc7 21. Bxc7 Rc8 22. Rxc3 axb4 23. axb4 Be5 24. Bxe5 Rxc3 25. f3 f6 26. Bd6 Rxe3 27. Bc7 b5 28. Bxb5 e5 29. Nf5 Re1+ 30. Kf2 Rd1 31. Ne7+ Kf7 32. Nxd5 Rd2+ 33. Ke3 Rxg2 34. Bc4 Kg6 35. b5 Rxh2 36. b6 Rb2 37. Ba6 h5 38. b7 h4 39. b8Q Rxb8 40. Bxb8 Kg5 41. Kf2 f5 42. Bxe5 g6 43. Bf4+ Kh5 44. Nf6# 1-0

[Event "Titled Tuesday intern op 13th Feb Late"]
[Site "Chess.com INT"]
[Date "2024.02.13"]
[Round "4"]
[White "Han, Yichen"]
[Black "Yang, Kevin S"]
[Result "1-0"]
[WhiteElo "2414"]
[BlackElo "2096"]
[PlyCount "57"]
[EventDate "2024.02.13"]
[EventType "swiss (blitz)"]
[EventRounds "11"]
[EventCountry "USA"]
[SourceTitle "CB08_2024"]
[SourceDate "2024.02.21"]
[SourceVersion "1"]
[SourceVersionDate "2024.02.21"]
[SourceQuality "1"]

1. d4 Nf6 2. c4 e6 3. Nc3 Bb4 4. e3 0-0 5. Nf3 c5 6. Bd2 cxd4 7. exd4 d5 8. c5 b6 9. a3 Bxc3 10. Bxc3 Ne4 11. Rc1 Ba6 12. Bxa6 Nxa6 13. b4 Nc7 14. 0-0 a5 15. Ne5 axb4 16. Bxb4 bxc5 17. dxc5 Na6 18. c6 Re8 19. Qf3 f6 20. Nd7 Nxb4 21. axb4 Nd2 22. Qe3 Nxf1 23. Kxf1 Qe7 24. b5 Ra3 25. Qc5 Kf7 26. b6 Rb3 27. b7 Qxc5 28. Nxc5 Rb5 29. c7 1-0

[Event "Titled Tuesday intern op 13th Feb Early"]
[Site "Chess.com INT"]
[Date "2024.02.13"]
[Round "11"]
[White "Kramnik, Vladimir"]
[Black "Han, Yichen"]
[Result "1-0"]
[WhiteElo "2753"]
[BlackElo "2414"]
[PlyCount "51"]
[EventDate "2024.02.13"]
[EventType "swiss (blitz)"]
[EventRounds "11"]
[EventCountry "USA"]
[SourceTitle "CB08_2024"]
[SourceDate "2024.02.21"]
[SourceVersion "1"]
[SourceVersionDate "2024.02.21"]
[SourceQuality "1"]

1. e4 c5 2. Nf3 e6 3. d4 cxd4 4. Nxd4 Nc6 5. Nc3 Nf6 6. a3 d5 7. Bb5 Bd7 8. exd5 Nxd4 9. Bxd7+ Qxd7 10. Qxd4 Nxd5 11. Nxd5 Qxd5 12. Qxd5 exd5 13. Be3 Kd7 14. 0-0-0 Kc6 15. Rd3 Be7 16. Rhd1 Rhd8 17. Rc3+ Kd6 18. Bf4+ Ke6 19. Re1+ Kf6 20. Rf3 Rd7 21. Bd6+ Kg6 22. Bxe7 Re8 23. Rg3+ Kf5 24. Rg5+ Kf4 25. Rge5 f6 26. Bxf6 1-0

[Event "Titled Tuesday intern op 06th Feb Late"]
[Site "Chess.com INT"]
[Date "2024.02.06"]
[Round "1"]
[White "Han, Yichen"]
[Black "Caglar, Sila"]
[Result "1-0"]
[WhiteElo "2414"]
[BlackElo "2141"]
[PlyCount "77"]
[EventDate "2024.02.06"]
[EventType "swiss (blitz)"]
[EventRounds "11"]
[EventCountry "USA"]
[SourceTitle "CB07_2024"]
[SourceDate "2024.02.14"]
[SourceVersion "1"]
[SourceVersionDate "2024.02.14"]
[SourceQuality "1"]

1. d4 d5 2. c4 dxc4 3. Nf3 Nf6 4. e3 e6 5. Bxc4 c5 6. 0-0 a6 7. b3 Be7 8. Bb2 0-0 9. Nbd2 Nc6 10. Rc1 cxd4 11. Nxd4 Nxd4 12. Bxd4 b5 13. Be2 Bb7 14. Bf3 Nd5 15. Ne4 Rc8 16. Nc5 Bxc5 17. Bxc5 Re8 18. Qd2 Qg5 19. Ba3 Red8 20. Rxc8 Rxc8 21. Qd4 Qd8 22. Rd1 Qc7 23. Bb2 f6 24. h4 Ne7 25. Rc1 Nc6 26. Qg4 Qe7 27. Qg3 Kf7 28. h5 g6 29. Be4 f5 30. Bxc6 Rxc6 31. Rxc6 Bxc6 32. Qe5 Qd7 33. Qg7+ Ke8 34. Qg8+ Ke7 35. Ba3+ Kf6 36. Qf8+ Kg5 37. Be7+ Kxh5 38. Qf6 Qd1+ 39. Kh2 1-0

[Event "Titled Tuesday intern op 06th Feb Late"]
[Site "Chess.com INT"]
[Date "2024.02.06"]
[Round "7"]
[White "Mendes, Aaron Reeve"]
[Black "Han, Yichen"]
[Result "0-1"]
[WhiteElo "2309"]
[BlackElo "2414"]
[PlyCount "126"]
[EventDate "2024.02.06"]
[EventType "swiss (blitz)"]
[EventRounds "11"]
[EventCountry "USA"]
[SourceTitle "CB07_2024"]
[SourceDate "2024.02.14"]
[SourceVersion "1"]
[SourceVersionDate "2024.02.14"]
[SourceQuality "1"]

1. e4 e5 2. Nf3 Nc6 3. d4 exd4 4. Nxd4 Bc5 5. Nb3 Bb4+ 6. c3 Be7 7. c4 Nf6 8. Nc3 Bb4 9. Bd3 d6 10. 0-0 Bxc3 11. bxc3 h6 12. Nd4 0-0 13. Rb1 Re8 14. f3 Ne5 15. Bf4 c6 16. Bxe5 dxe5 17. Nb3 Be6 18. Nc5 Qa5 19. Nxb7 Qxc3 20. Qe2 Rab8 21. Kh1 Nd7 22. Nd6 Red8 23. Nb7 Rxb7 24. Rxb7 Nc5 25. Rxa7 Nxd3 26. Qe3 Qxc4 27. Qb6 Qd4 28. Qxd4 exd4 29. Kg1 c5 30. Rd1 c4 31. Rc7 Ra8 32. Rd2 Rb8 33. g3 Ne5 34. Kf2 d3 35. Ke3 Rb1 36. f4 Ng4+ 37. Kd4 g6 38. h3 Nf6 39. Ke5 Kg7 40. f5 gxf5 41. exf5 Re1+ 42. Kd4 Re4+ 43. Kc5 Bxf5 44. Kd6 Re6+ 45. Kc5 Ne4+ 46. Kxc4 Nxd2+ 47. Kc3 Nb1+ 48. Kb2 d2 49. Rd7 Re1 50. Rd6 d1Q 51. Rxd1 Rxd1 52. a4 Nd2 53. a5 Nc4+ 54. Kc3 Nxa5 55. Kb4 Nc6+ 56. Kc5 Nd4 57. g4 Be6 58. h4 Bxg4 59. Kd6 Be6 60. Ke7 Nf5+ 61. Ke8 Kf6 62. h5 Ng7+ 63. Kf8 Rd8# 0-1

[Event "Witney op-A 10th"]
[Site "Witney"]
[Date "2023.11.05"]
[Round "4"]
[White "Robson, Ian A"]
[Black "Han, Yichen"]
[Result "0-1"]
[WhiteElo "2234"]
[BlackElo "2506"]
[PlyCount "116"]
[EventDate "2023.11.04"]
[EventType "swiss"]
[EventRounds "5"]
[EventCountry "ENG"]
[SourceTitle "CB46_2023"]
[SourceDate "2023.11.15"]
[SourceVersion "1"]
[SourceVersionDate "2023.11.15"]
[SourceQuality "1"]

1. e4 c6 2. Nf3 d5 3. exd5 cxd5 4. Ne5 Nc6 5. d4 Nf6 6. c3 a6 7. Bd3 g6 8. Nd2 Bg7 9. Qe2 0-0 10. 0-0 Ne8 11. Re1 Ra7 12. Nb3 Nd6 13. Bf4 a5 14. h4 a4 15. Nxc6 bxc6 16. Nc5 a3 17. b3 Bf5 18. Rad1 Qc8 19. Qe3 Bxd3 20. Rxd3 Qg4 21. Qg3 Qxg3 22. Rxg3 Nf5 23. Rh3 h5 24. f3 Nd6 25. Kf2 Nb5 26. Bd2 Re8 27. Nd3 f6 28. Re6 Nd6 29. Rh1 Kf7 30. Nc5 Rc8 31. Rhe1 Nf5 32. g3 Bf8 33. Nd3 Ng7 34. R6e2 Nf5 35. Re6 Kg8 36. Bf4 Ng7 37. R6e2 c5 38. Nxc5 e5 39. Be3 Bxc5 40. dxc5 Rd7 41. b4 Ne6 42. Rd1 Nc7 43. Red2 Kf7 44. Rd3 Ke6 45. c4 d4 46. Bc1 Kf7 47. c6 Rdd8 48. b5 Ne6 49. Bxa3 f5 50. Re1 Kf6 51. Bb4 g5 52. a4 gxh4 53. gxh4 Nf4 54. Rdd1 Rg8 55. Kf1 Nh3 56. Bd6 Rg1+ 57. Ke2 Rg2+ 58. Kd3 Nf4# 0-1

[Event "Titled Tuesday intern op 29th Aug Early"]
[Site "Chess.com INT"]
[Date "2023.08.29"]
[Round "2"]
[White "Han, Yichen"]
[Black "Gorovets, Andrey"]
[Result "0-1"]
[WhiteElo "2413"]
[BlackElo "2463"]
[PlyCount "92"]
[EventDate "2023.08.29"]
[EventType "swiss (blitz)"]
[EventRounds "11"]
[EventCountry "USA"]
[SourceTitle "EXT 2024"]
[Source "ChessBase"]
[SourceDate "2023.10.10"]
[SourceVersion "1"]
[SourceVersionDate "2023.10.10"]
[SourceQuality "1"]

1. d4 Nf6 2. c4 e6 3. g3 d5 4. Bg2 Bb4+ 5. Nd2 0-0 6. Ngf3 b6 7. a3 Bd6 8. b4 a5 9. c5 bxc5 10. bxc5 Be7 11. 0-0 Nc6 12. Re1 Ba6 13. e4 Rb8 14. e5 Ng4 15. h3 Nh6 16. Nf1 Nf5 17. h4 f6 18. g4 Nxh4 19. Nxh4 fxe5 20. Nf3 e4 21. N3h2 Nxd4 22. Be3 Nb3 23. Rb1 Nxc5 24. Rxb8 Qxb8 25. Qc2 Bd3 26. Qc3 Nb3 27. Nd2 a4 28. Nxb3 axb3 29. Bd4 c5 30. Be5 Bf6 31. Bxf6 gxf6 32. Bf1 Bxf1 33. Nxf1 c4 34. Ng3 Qe5 35. Qb4 Rb8 36. Qe7 Kh8 37. Nh5 Qg5 38. Nxf6 Qg7 39. Qxe6 b2 40. Rb1 c3 41. Qe5 Rc8 42. Qd4 c2 43. Qxb2 cxb1Q+ 44. Qxb1 Qxf6 45. Qb7 Rf8 46. Qa7 d4 0-1

[Event "Titled Tuesday intern op 29th Aug Early"]
[Site "Chess.com INT"]
[Date "2023.08.29"]
[Round "9"]
[White "Han, Yichen"]
[Black "Jolly, Jean Francois"]
[Result "1-0"]
[WhiteElo "2413"]
[BlackElo "2397"]
[PlyCount "51"]
[EventDate "2023.08.29"]
[EventType "swiss (blitz)"]
[EventRounds "11"]
[EventCountry "USA"]
[SourceTitle "EXT 2024"]
[Source "ChessBase"]
[SourceDate "2023.10.10"]
[SourceVersion "1"]
[SourceVersionDate "2023.10.10"]
[SourceQuality "1"]

1. Nf3 d5 2. g3 Nf6 3. Bg2 Bg4 4. 0-0 Nbd7 5. c4 e6 6. h3 Bxf3 7. Bxf3 Be7 8. d4 c6 9. Nc3 0-0 10. b3 Re8 11. Bb2 a5 12. Qd3 Bd6 13. e4 e5 14. cxd5 cxd5 15. Nxd5 Nxd5 16. exd5 exd4 17. Bxd4 Ne5 18. Qc3 Qf6 19. Bg2 Bb4 20. Qb2 Qd6 21. Rad1 Rac8 22. Qb1 Bc5 23. Qf5 Bxd4 24. Rxd4 g6 25. Qg5 Rc2 26. Qh6 1-0

[Event "Titled Tuesday intern op 29th Aug Early"]
[Site "Chess.com INT"]
[Date "2023.08.29"]
[Round "6"]
[White "Han, Yichen"]
[Black "Kononenko, Dmitry1111"]
[Result "0-1"]
[WhiteElo "2413"]
[BlackElo "2251"]
[PlyCount "72"]
[EventDate "2023.08.29"]
[EventType "swiss (blitz)"]
[EventRounds "11"]
[EventCountry "USA"]
[SourceTitle "EXT 2024"]
[Source "ChessBase"]
[SourceDate "2023.10.10"]
[SourceVersion "1"]
[SourceVersionDate "2023.10.10"]
[SourceQuality "1"]

1. c4 c5 2. Nf3 Nc6 3. g3 g6 4. d4 cxd4 5. Nxd4 Bg7 6. Nc2 Nf6 7. Bg2 0-0 8. 0-0 d6 9. Nc3 Be6 10. Ne3 Qd7 11. Ncd5 Bh3 12. Rb1 Bxg2 13. Kxg2 Rac8 14. b3 Nxd5 15. Nxd5 e6 16. Ne3 Rfd8 17. Bb2 d5 18. Bxg7 Kxg7 19. cxd5 exd5 20. Qd2 d4 21. Nc4 b5 22. Nb2 Qe7 23. Nd3 Ne5 24. Rfc1 Ng4 25. Re1 Qe4+ 26. Kg1 Qf5 27. Rbc1 h5 28. h4 Kh7 29. Rxc8 Rxc8 30. Rc1 Re8 31. Rc7 b4 32. Qxb4 Rxe2 33. Qf8 Re1+ 34. Kg2 Ne3+ 35. Kh2 Qh3+ 36. Kxh3 Rh1# 0-1

[Event "Titled Tuesday intern op 29th Aug Early"]
[Site "Chess.com INT"]
[Date "2023.08.29"]
[Round "8"]
[White "Sabuk, Piotr"]
[Black "Han, Yichen"]
[Result "1-0"]
[WhiteElo "2391"]
[BlackElo "2413"]
[PlyCount "99"]
[EventDate "2023.08.29"]
[EventType "swiss (blitz)"]
[EventRounds "11"]
[EventCountry "USA"]
[SourceTitle "EXT 2024"]
[Source "ChessBase"]
[SourceDate "2023.10.10"]
[SourceVersion "1"]
[SourceVersionDate "2023.10.10"]
[SourceQuality "1"]

1. d4 d5 2. c4 e6 3. Nf3 Nf6 4. Nc3 Nbd7 5. cxd5 exd5 6. Bg5 Bb4 7. e3 0-0 8. Rc1 c6 9. Nd2 Re8 10. Bd3 Nf8 11. 0-0 Ng6 12. e4 dxe4 13. Ndxe4 Be7 14. Re1 Be6 15. Nc5 Bxc5 16. dxc5 h6 17. Bxf6 Qxf6 18. Ne4 Qh4 19. Nd6 Nf4 20. Nxe8 Rxe8 21. Qf3 Rd8 22. Bf1 Bd5 23. Qg3 Qf6 24. Rcd1 h5 25. h4 Ne6 26. b4 Qb2 27. a3 a5 28. bxa5 Nxc5 29. Bc4 Qf6 30. Qg5 Qxg5 31. hxg5 Ne6 32. Bxd5 cxd5 33. g6 Ra8 34. Rxd5 h4 35. gxf7+ Kxf7 36. Rd7+ Ke8 37. Rxb7 Ra6 38. Rb6 Rxb6 39. axb6 Kd7 40. Rxe6 Kxe6 41. b7 h3 42. b8Q h2+ 43. Kxh2 Kf5 44. Qb5+ Kg6 45. Kg3 Kh7 46. Kg4 g5 47. Kh5 Kh8 48. Qd7 g4 49. Kg6 g3 50. Qe8# 1-0

[Event "Titled Tuesday intern op 29th Aug Early"]
[Site "Chess.com INT"]
[Date "2023.08.29"]
[Round "10"]
[White "Tologontegin, Semetey"]
[Black "Han, Yichen"]
[Result "1-0"]
[WhiteElo "2368"]
[BlackElo "2413"]
[PlyCount "79"]
[EventDate "2023.08.29"]
[EventType "swiss (blitz)"]
[EventRounds "11"]
[EventCountry "USA"]
[SourceTitle "EXT 2024"]
[Source "ChessBase"]
[SourceDate "2023.10.10"]
[SourceVersion "1"]
[SourceVersionDate "2023.10.10"]
[SourceQuality "1"]

1. e4 c5 2. Nf3 e6 3. d4 cxd4 4. Nxd4 Nc6 5. Nc3 Qc7 6. g3 a6 7. Bg2 Nge7 8. Nb3 h5 9. Bf4 e5 10. Bg5 d6 11. h3 Be6 12. Nd5 Bxd5 13. exd5 Na5 14. 0-0 f6 15. Nxa5 fxg5 16. Nb3 Ng8 17. c4 Nf6 18. Rc1 b6 19. Nd2 a5 20. Ne4 Nxe4 21. Bxe4 Be7 22. Bg6+ Kd8 23. Bxh5 Qc5 24. Bg4 Kc7 25. a3 Rhf8 26. Qc2 Bf6 27. b4 axb4 28. axb4 Qxb4 29. Rb1 Qc5 30. Rb5 Qd4 31. Rd1 Ra1 32. Rxa1 Qxa1+ 33. Kg2 Qd4 34. Qf5 Rd8 35. Qe6 Qe4+ 36. Kh2 Qd4 37. Qf7+ Kb8 38. Kg1 e4 39. c5 dxc5 40. Rxb6+ 1-0

[Event "Titled Tuesday intern op 29th Aug Early"]
[Site "Chess.com INT"]
[Date "2023.08.29"]
[Round "4"]
[White "Vlassov, Nikolai"]
[Black "Han, Yichen"]
[Result "0-1"]
[WhiteElo "2283"]
[BlackElo "2413"]
[PlyCount "126"]
[EventDate "2023.08.29"]
[EventType "swiss (blitz)"]
[EventRounds "11"]
[EventCountry "USA"]
[SourceTitle "EXT 2024"]
[Source "ChessBase"]
[SourceDate "2023.10.10"]
[SourceVersion "1"]
[SourceVersionDate "2023.10.10"]
[SourceQuality "1"]

1. e4 c5 2. c3 Nf6 3. e5 Nd5 4. d4 cxd4 5. cxd4 e6 6. Nc3 Nxc3 7. bxc3 d6 8. f4 Qc7 9. Bd2 b6 10. Nf3 Be7 11. Bd3 0-0 12. h4 h6 13. Qe2 a5 14. Qe4 f5 15. exf6 Rxf6 16. Qxa8 Bb7 17. Qxb7 Qxb7 18. 0-0 Nd7 19. Rae1 Nf8 20. c4 Rf7 21. g4 g6 22. Kh2 Bd8 23. Kg3 Qb8 24. d5 e5 25. f5 g5 26. hxg5 hxg5 27. Bxg5 Nh7 28. Bh6 Qc8 29. Rh1 Qc5 30. Be3 Qa3 31. Bb1 Rg7 32. Rh6 Nf6 33. g5 e4 34. Kf4 Nxd5+ 35. cxd5 exf3 36. f6 Qb4+ 37. Kxf3 Qxe1 38. fxg7 Kxg7 39. Rg6+ Kf7 40. Be4 Qf1+ 41. Bf2 Qd1+ 42. Kg3 Qd2 43. Re6 Bxg5 44. Bg6+ Kg7 45. Be4 Qf4+ 46. Kg2 Qg4+ 47. Kf1 Bf6 48. Bg2 Qd1+ 49. Be1 Qd3+ 50. Kg1 Bd4+ 51. Kh2 Be5+ 52. Kg1 Qe3+ 53. Bf2 Qc1+ 54. Bf1 Qg5+ 55. Bg2 Qh5 56. Kf1 Qd1+ 57. Be1 Qd3+ 58. Kg1 Qe3+ 59. Kf1 Qf4+ 60. Kg1 Bd4+ 61. Kh1 Qg4 62. Re7+ Kf8 63. Re6 Qh5+ 0-1